Central Library OPAC University of Rajshahi

The architecture of India : (Record no. 16444)

MARC details
000 -LEADER
fixed length control field 00882cam a2200277 a 4500
001 - CONTROL NUMBER
control field 16444
003 - CONTROL NUMBER IDENTIFIER
rucl marc code BD-RjUL
005 - DATE AND TIME OF LATEST TRANSACTION
control field 20211209000017.0
008 - FIXED-LENGTH DATA ELEMENTS--GENERAL INFORMATION
fixed length control field 140213s1981 ii a b 001 0 eng
020 ## - INTERNATIONAL STANDARD BOOK NUMBER
International Standard Book Number 070691130X :
035 ## - SYSTEM CONTROL NUMBER
System control number (BD-RjUL)16499
040 ## - CATALOGING SOURCE
Original cataloging agency DLC
Transcribing agency DLC
Modifying agency DLC
-- BD-RjUL
Language of cataloging eng
041 ## - LANGUAGE CODE
Language code of text/sound track or separate title eng
082 00 - DEWEY DECIMAL CLASSIFICATION NUMBER
Classification number 722.44
Edition number 19
Author mark and year GRA
100 1# - MAIN ENTRY--PERSONAL NAME
Personal name Grover, Satish,
Dates associated with a name 1940-
9 (RLIN) 50849
245 14 - TITLE STATEMENT
Title The architecture of India :
Remainder of title Islamic (727-1707 A.D.) /
Statement of responsibility, etc. Satish Grover.
260 ## - PUBLICATION, DISTRIBUTION, ETC. (IMPRINT)
Place of publication, distribution, etc. New Delhi :
Name of publisher, distributor, etc. Vikas Pub. House,
Date of publication, distribution, etc. c1981.
300 ## - PHYSICAL DESCRIPTION
Pagination xv, 224 p. :
Illustrations ill. ;
Size 25 cm.
500 ## - GENERAL NOTE
General note Continuation of: The architecture of India: Buddhist and Hindu.
504 ## - BIBLIOGRAPHY, ETC. NOTE
Bibliography, etc Includes Bibliography: p. 223.and index.
650 #0 - SUBJECT ADDED ENTRY--TOPICAL TERM
Topical term or geographic name as entry element Islamic architecture
Geographic subdivision India.
9 (RLIN) 50382
Topical term or geographic name as entry element Architecture
Geographic subdivision India.
9 (RLIN) 50850
942 ## - ADDED ENTRY ELEMENTS (KOHA)
Source of classification or shelving scheme Dewey Decimal Classification
Koha item type Books
Holdings
Lost status Source of classification or shelving scheme Damaged status Not for loan Collection code Permanent Location Current Location Shelving location Date acquired Source of acquisition Cost, normal purchase price Total Checkouts Full call number Date last seen Date checked out Copy number Koha item type
  Dewey Decimal Classification     Non-fiction Central Library, University of Rajshahi Central Library, University of Rajshahi   20/07/1985 Toppan Tulip. 745.50 1 722.44 GRA 1981 28/02/2022 20/12/2021 C-2 Books
  Dewey Decimal Classification   Not For Loan Non-fiction Central Library, University of Rajshahi Central Library, University of Rajshahi Reading Room 12/03/1984 Tulip enterprise 225.00   722.44 GRA 1981 24/04/2014   C-1 Books
  Dewey Decimal Classification     Non-fiction Central Library, University of Rajshahi Central Library, University of Rajshahi   10/07/1985 Tulip 742.50   722.44 GRA 1981 10/02/2020   C-3 Books